000 00521nam a2200217 454500
001 074238
003 BD-ChCU
005 20251124115722.0
008 251124 Eng
020 _ax
040 _aDLC
_cDLC
_dBD-ChCU
082 0 0 _a331 ‍SII
100 _aSingh,V B
_eEditor
_916759
245 1 0 _aIndustrial labour in India/
_cV.B Singh
250 _ax
260 _aBombay:
_bAsia pub,
_c1963
300 _axii,664p
650 0 _alabour and labour classes
_916761
700 1 _aDonald Kagan
942 _2ddc
_cBK
_n0
999 _c109758
_d109758